000 01278nam a2200397 i 4500
001 52401
003 KOSZ 005
005 20220726102337.0
008 011120s2001 pl a f |000 0 pol
015 _aPB 2001/18726
020 _a8373330208
040 _aWA N
_cWA N
_dKOSZ 005/HR
041 0 _apol
046 _k2001
080 _a342.25(438)
080 _a352/353(438)
080 _a(07)
100 1 _aDolnicki, Bogdan
_d(1956- )
_eAutor
_8Autor
245 1 0 _aSamorząd terytorialny /
_cBogdan Dolnicki.
250 _aStan prawny na 15 sierpnia 2001 r.
260 _aKraków :
_b"Zakamycze",
_c2001.
300 _a322, [1] s. :
_bil. ;
_c24 cm.
380 _aKsiążki
388 _a2001-
490 1 _aSeria Akademicka. Podręcznik.
650 4 _aSamorząd terytorialny
650 4 _aPrawo samorządu terytorialnego
651 7 _aPolska
655 4 _aPodręcznik
658 _aPolityka, politologia, administracja publiczna
658 _aPrawo i wymiar sprawiedliwości
710 2 _aKantor Wydawniczy Zakamycze
_4pbl.
830 0 _aSeria Akademicka - Zakamycze
856 _uhttp://koha.tu.koszalin.pl/cgi-bin/koha/opac-detail.pl?biblionumber=52401
_yKatalog online BPK
942 _2UKD
_cKS
999 _c52401
_d52401